000
00308nam a22001337a 4500
020
_a
0-89747-049-4
082
_a
623.74752 CUL'S
100
_a
CULVER, BRUCE
_9
75055
245
_a
SHERMAN IN ACTION
260
_a
USA
_b
SQUADRON SIGNAL
_c
1977
300
_a
50P
650
_a
TANK SHERMAN
_9
75056
942
_c
BK
999
_c
580546
_d
580546